| 000 | 00736nam a2200241 a 4500 | ||
|---|---|---|---|
| 001 | 49606 | ||
| 003 | BD-RjUL | ||
| 005 | 20211209054712.0 | ||
| 008 | 160821s1973 enk 001 0 eng d | ||
| 020 | _a0875892124 | ||
| 035 | _a(BD-RjUL)49725 | ||
| 040 |
_aBD-RjUL _beng _cBD-RjUL _dBD-RjUL |
||
| 041 | _aeng | ||
| 082 |
_223 _a361.3 _bWEO 1973 |
||
| 100 | 1 |
_aWeissman, Harold H. _9148768 |
|
| 245 | 1 | 0 |
_aOvercoming mismanagement in the human service professions / _c[by] Harold H. Weissman. |
| 260 |
_aLondon : _bJossey - Bass, _c1973. |
||
| 300 |
_axii, 145 p. ; _c24 cm. |
||
| 500 | _aInclude index | ||
| 650 |
_aSocial work administration. _9148616 |
||
| 830 | 0 |
_aJossey-Bass behavioral science series _9148771 |
|
| 942 |
_2ddc _cBK |
||
| 999 |
_c49606 _d49606 |
||